000 00253nam a2200109Ia 4500
008 190216s9999||||xx |||||||||||||| ||und||
100 _aKeshavamenon K P
245 0 _aNavabharatha Shilpikal
260 _bNull
650 _aJeeva Charithram
942 _cBK
999 _c25175
_d25175